Belediye meclisi görev ve yetkileri/ (Record no. 29261)
| 000 -BAŞLIK | |
|---|---|
| Sabit Uzunluktaki Kontrol Alanı | 01186nam a22003497a 4500 |
| 001 - KONTROL NUMARASI | |
| Control Dosyası | 0029339 |
| 003 - KONTROL NUMARASI KİMLİĞİ | |
| Kontrol Alanı | KOHA_MİRAKIL |
| 005 - EN SON İŞLEM TARİHİ ve ZAMANI | |
| Kontrol Alanı | 20260207002657.0 |
| 007 - FİZİKSEL TANIM SABİT ALAN - GENEL BİLGİ | |
| Sabit uzunluklu kontrol alanı | ta |
| 008 - SABİT UZUNLUKTAKİ VERİ ÖGELERİ - GENEL BİLGİ | |
| Sabit Alan | 110411b1999 tu |||gr||||#||||0|tur | |
| 020 ## - ISBN - ULUSLARARASI STANDART KİTAP NUMARASI | |
| Isbn | 9757669717 |
| 040 ## - KATALOGLAMA KAYNAĞI | |
| Özgün Kataloglama Kurumu | TR-BiSEU |
| Kataloglama Dili | tur |
| Çeviri Kurumu | TR-BiSEU |
| Açıklama Kuralları | rda |
| 041 0# - DİL KODU | |
| Metin ya da ses kaydının dil kodu | tur |
| 044 ## - YAYINLAYAN/ÜRETEN KURULUŞUN ÜLKE KODU | |
| ISO country code | tu |
| 050 ## - SINIFLAMA ve YER NUMARASI | |
| Sınıflama Numarası | JS6954.A1 |
| Yer Numarası | C65 1999 |
| 100 1# - KİŞİ ADI | |
| Yazar Adı (Kişi adı) | Çoker, Ziya. |
| 245 1# - ESER ADI BİLDİRİMİ | |
| Başlık | Belediye meclisi görev ve yetkileri/ |
| Sorumluluk Bildirimi | Ziya Çoker ; Ziya Çoker. |
| 264 #1 - ÜRERİM, YAYIN, DAĞITIM ve TELİF BİLDİRİMİ | |
| Yayın yeri | Ankara : |
| Yayınlayan | Türkiye ve Orta Doğu Amme İdaresi Enstitüsü |
| Yayın tarihi | 1999 |
| 300 ## - FİZİKSEL TANIMLAMA | |
| Sayfa, Cilt vb. | xii, 114 s. |
| 336 ## - İÇERİK TÜRÜ | |
| Content type term | metin |
| Content type code | txt |
| Source | rdacontent |
| 337 ## - MEDYA TÜRÜ | |
| Media type term | aracısız |
| Media type code | n |
| Source | rdamedia |
| 338 ## - TAŞIYICI TÜRÜ | |
| Carrier type term | cilt |
| Carrier type code | nc |
| Source | rdacarrier |
| 490 1# - DİZİ BİLDİRİMİ | |
| Dizi Bildirimi | Türkiye ve Orta Doğu Amme İdaresi Enstitüsü ; |
| Cilt Numarası | 291. |
| 490 1# - DİZİ BİLDİRİMİ | |
| Dizi Bildirimi | Yerel Yönetimler Araştırma ve Eğitim Merkezi ; |
| Cilt Numarası | 5. |
| 490 1# - DİZİ BİLDİRİMİ | |
| Dizi Bildirimi | Belediye yönetimi dizisi ; |
| Cilt Numarası | 2. |
| 500 ## - GENEL NOT | |
| Genel Not | Dizin var. |
| 650 #0 - KONU BAŞLIĞI EK GİRİŞ - KONU TERİMİ | |
| Konusal terim veya coğrafi ad | Mayors--Turkey. |
| 9 (RLIN) | 57907 |
| 830 1# - SERİ EK GİRİŞİ - TEKBİÇİM ESER ADI | |
| Tekbiçim Başlık | Türkiye ve Orta Doğu Amme İdaresi Enstitüsü ; |
| Volume number/sequential designation | 291. |
| 9 (RLIN) | 9031 |
| 830 1# - SERİ EK GİRİŞİ - TEKBİÇİM ESER ADI | |
| Tekbiçim Başlık | Yerel Yönetimler Araştırma ve Eğitim Merkezi ; |
| Volume number/sequential designation | 5. |
| 9 (RLIN) | 36361 |
| 830 1# - SERİ EK GİRİŞİ - TEKBİÇİM ESER ADI | |
| Tekbiçim Başlık | Belediye yönetimi dizisi ; |
| Volume number/sequential designation | 2. |
| 9 (RLIN) | 57908 |
| 942 ## - EK GİRİŞ ÖGELERİ (KOHA) | |
| Source of classification or shelving scheme | Library of Congress Classification |
| Koha item type | Book |
| Materyal Türü | Kalıcı Konum | Mevcut Konum | Raf Yeri | Sınıflandırma Kaynağı | Edinim Bilgisi | Ana Konular | Alt Konular | Yer Numarası | Demirbaş Numarası | Fatura Tarihi | Geri Çekilme Durumu | Kayıp Durumu | Hasarlı Durumu | Kredi için değil | Kayıt Tarih | Toplam Ödünçverme | Son Görülme Tarihi | Son Kontrol Tarihi | Genel / Bağış Notu |
|---|---|---|---|---|---|---|---|---|---|---|---|---|---|---|---|---|---|---|---|
| Book | Prof. Dr. Azmi Özcan Kütüphanesi | Prof. Dr. Azmi Özcan Kütüphanesi | Uluğbey Salonu | Library of Congress Classification | Bağış | SİYASET BİLİMİ | Yerel Yönetim, Belediye Yönetimi | JS6954.A1 C65 1999 | 0029339 | 02/02/2026 | 11/04/2011 | 05/12/2024 | 05/12/2024 | Türkiye ve Ortadoğu Amme İdaresi Enstitüsü (TODAİE) |
